000 00676nam a2200217 4500
001 113607
003 ES-MaACL
005 20230906185945.0
007 t|
008 061121s1957 sp r ||||1| spa d
100 1 _aPaço d'Arcos, Joaquín.
_988159
245 1 3 _aEl anticuario de Sao Paulo
_b: novela /
_cJoaquón Paço d'Arcos ; traducción del portugués por Manuel Casado Nieto.
250 _a[1ª ed.].
260 _aBarcelona :
_bPlaneta,
_c1957.
300 _a293 p. ;
_c19 cm.
490 1 _aColección Goliat
700 1 _aCasado Nieto, Manuel.
_936023
830 0 _aColección Goliat
_9185597
852 _aES-MaACL
_jC-12441
_bR.40632
999 _c113607
_d113607